| 000 | 005990000a22002050004500 | ||
|---|---|---|---|
| 090 |
_aAR _b02672 |
||
| 245 | 1 | 0 | _aNew species of Rhodocybe from south America with key to species |
| 650 | 1 | 4 |
_aHongos _96834 |
| 650 | 1 | 4 |
_aMicología _97797 |
| 650 | 1 | 4 |
_aTaxonomía _992343 |
| 650 | 1 | 4 |
_aNuevas especies _992905 |
| 651 | 4 |
_pEcuador _992749 |
|
| 651 | 4 |
_pVenezuela _992749 |
|
| 653 |
_gRhodocybe _eRhodocybe crystallina |
||
| 653 |
_gRhodocybe _eRhodocybe griseola |
||
| 041 | 0 | _aInglés | |
| 100 | 1 |
_aBaroni, Timothy J. _996163 |
|
| 942 | _cARTICULO | ||
| 773 | 1 |
_tMycologia _3678 _h3 _q411-421 _d1992 _g84 |
|
| 999 |
_c11735 _d11735 |
||